Última forma / (Record no. 175017)

MARC details
000 -LEADER
campo de control de longitud fija 00712nam a2200217 4500
001 - NÚMERO DE CONTROL
campo de control 175017
003 - IDENTIFICADOR DE NÚMERO DE CONTROL
campo de control ES-MaACL
005 - FECHA Y HORA DE LA ÚLTIMA TRANSACCIÓN
campo de control 20231215063524.0
008 - DATOS DE LONGITUD FIJA--INFORMACIÓN GENERAL
campo de control de longitud fija 100930s2010 sp a | |||||||| | spa d
020 ## - NÚMERO INTERNACIONAL ESTÁNDAR DEL LIBRO
Número Internacional Estándar del Libro 978-84-86701-28-4
080 ## - NÚMERO DE LA CLASIFICACIÓN DECIMAL UNIVERSAL
Número de la Clasificación Decimal Universal 821.134.2-14"19"
100 1# - ENTRADA PRINCIPAL--NOMBRE DE PERSONA
Nombre de persona Losada, Miguel
9 (RLIN) 74261
245 10 - MENCIÓN DEL TÍTULO
Título Última forma /
Mención de responsabilidad, etc. Miguel Losada ; palabras preliminares de José Ignacio Serra.
260 ## - PUBLICACIÓN, DISTRIBUCIÓN, ETC.
Lugar de publicación, distribución, etc. Madrid :
Nombre del editor, distribuidor, etc. Polibea,
Fecha de publicación, distribución, etc. [ 2010]
300 ## - DESCRIPCIÓN FÍSICA
Extensión 60 p. :
Otras características físicas il. ;
Dimensiones 18 cm.
490 1# - MENCIÓN DE SERIE
Mención de serie Los conjurados ;
Designación de volumen o secuencia 9
700 1# - ENTRADA AGREGADA--NOMBRE PERSONAL
Nombre de persona Serra, José Ignacio.
9 (RLIN) 143371
830 0# - PUNTO DE ACCESO ADICIONAL DE SERIE-TÍTULO UNIFORME
Título uniforme Los conjurados ;
Designación de volumen o secuencia 9
9 (RLIN) 191159
852 ## - LOCALIZACIÓN
Ubicación ES-MaACL
Número de control de estantería 2257-F-7
Nota libre .- Dedicatoria autógrafa del autor
Holdings
Estatus retirado Estado de pérdida Fuente del sistema de clasificación o colocación Estado de daño No para préstamo Colección Biblioteca de origen Biblioteca actual Ubicación en estantería Fecha de adquisición Total de préstamos Signatura topográfica completa Código de barras Visto por última vez Precio de reemplazo Tipo de ítem Koha Nota pública
    Clasificación decimal universal     Colección de folletos Biblioteca del Ateneo de Madrid Biblioteca del Ateneo de Madrid Depósito folletos 30/09/2010   2257-F-7 1183774 23/02/2023 23/02/2023 Folleto Dedicatoria autógrafa del autor